000 00464nam a2200157 i 4500
001 34110
003 ES-MaACL
005 20230906154858.0
007 t|
008 030204s1961 sp ||||1| spa d
100 1 _aBlanco Piñán, Salvador.
_929279
245 1 0 _aGuardianes de la paz
_b: Pío XII a las fuerzas armadas /
_cpor Salvador Blanco Piñán.
260 _aMadrid :
_bFax,
_c[1961]
300 _a167 p. ;
_c19 cm.
852 _aES-MaACL
_jC-20852
_bR.49182
999 _c34110
_d34110